Normal view MARC view
  • Schoppa, Leonard J.

Entry Personal Name

Number of records used in: 1

001 - CONTROL NUMBER

  • control field: 101851

003 - CONTROL NUMBER IDENTIFIER

  • control field: NUST

005 - DATE AND TIME OF LATEST TRANSACTION

  • control field: 20221031104924.0

008 - FIXED-LENGTH DATA ELEMENTS

  • fixed length control field: 221031|| aca||aabn | a|a d

040 ## - CATALOGING SOURCE

  • Original cataloging agency: NUST
  • Transcribing agency: NUST

100 ## - HEADING--PERSONAL NAME

  • Personal name: Schoppa, Leonard J.
  • Fuller form of name: (Leonard James),
  • Dates associated with a name: 1962-

670 ## - SOURCE DATA FOUND

  • Source citation: Work cat.: (NUST)0: Schoppa, Leonard J. (Leonard James), 1962-, Race for the exits :, 2006.
© 2023 Central Library, National University of Sciences and Technology. All Rights Reserved.